[Event "ISL-chT 0910"]
[Site "Reykjavik"]
[Date "2009.09.26"]
[Round "2"]
[White "Thorsteinsson, Bjorn"]
[Black "Gudmundsson, Elvar"]
[Result "1/2-1/2"]
[WhiteElo "2229"]
[BlackElo "2314"]
[PlyCount "72"]
[EventDate "2009.09.25"]
[EventType "team-tourn"]
[EventRounds "7"]
[EventCountry "ISL"]
[SourceTitle "CBM 132 Extra"]
[Source "ChessBase"]
[SourceDate "2009.11.03"]
[SourceVersion "1"]
[SourceVersionDate "2009.11.03"]
[SourceQuality "1"]

1. e4 c5 2. Nf3 e6 3. d4 cxd4 4. Nxd4 Nc6 5. Nc3 Qc7 6. Be2 a6 7. 0-0 Nf6 8. Be3 Bb4 9. Na4 0-0 10. Nxc6 bxc6 11. Nb6 Rb8 12. Nxc8 Rfxc8 13. Bxa6 Re8 14. Bd3 Bd6 15. f4 e5 16. f5 Rxb2 17. g4 h6 18. h4 Bf8 19. g5 Nd5 20. exd5 e4 21. Bf4 Qa7+ 22. Kh1 exd3 23. Qxd3 hxg5 24. hxg5 Rxa2 25. Rxa2 Qxa2 26. dxc6 dxc6 27. Kg2 Bc5 28. Bd2 Bb6 29. Re1 Rd8 30. g6 Qd5+ 31. Qxd5 cxd5 32. Re7 fxg6 33. fxg6 Bd4 34. Ba5 Rc8 35. Rd7 Rxc2+ 36. Kf3 Rf2+ 1/2-1/2

[Event "Deildakeppni 9596"]
[Site "Gardaboer"]
[Date "1996.03.??"]
[Round "?"]
[White "Gudmundsson, Elvar"]
[Black "Einarsson, Halldor Gretar"]
[Result "1/2-1/2"]
[WhiteElo "2325"]
[BlackElo "2315"]
[PlyCount "71"]
[EventDate "1996.??.??"]
[EventType "swiss"]
[EventRounds "9"]
[EventCountry "ISL"]
[SourceTitle "EXT 1999"]
[Source "ChessBase"]
[SourceDate "1998.11.16"]
[SourceVersion "1"]
[SourceVersionDate "1998.11.16"]
[SourceQuality "1"]

1. d4 Nf6 2. c4 g6 3. Nc3 d5 4. Nf3 Bg7 5. Bg5 Ne4 6. cxd5 Nxg5 7. Nxg5 e6 8. Qd2 h6 9. Nh3 exd5 10. Nf4 c5 11. dxc5 d4 12. Nb5 0-0 13. g3 Na6 14. Rc1 g5 15. Nd3 Bf5 16. a3 Qd5 17. Rg1 Bxd3 18. Qxd3 Nxc5 19. Qc4 Qxc4 20. Rxc4 Ne6 21. Bh3 Rac8 22. Rxc8 Rxc8 23. Kd2 a6 24. Nd6 Rc6 25. Nf5 Bf8 26. Rc1 Nc5 27. Kd1 d3 28. b4 Ne4 29. Rxc6 bxc6 30. Bg2 Nc3+ 31. Kd2 dxe2 32. Bxc6 Nb1+ 33. Kxe2 Nxa3 34. Bb7 Nc2 35. Bxa6 Nxb4 36. Bb7 1/2-1/2

[Event "Deildakeppni 9596"]
[Site "Gardaboer"]
[Date "1996.03.??"]
[Round "?"]
[White "Gudmundsson, Elvar"]
[Black "Gunnarsson, Arnar"]
[Result "1-0"]
[WhiteElo "2325"]
[BlackElo "2130"]
[PlyCount "79"]
[EventDate "1996.??.??"]
[EventType "swiss"]
[EventRounds "9"]
[EventCountry "ISL"]
[SourceTitle "EXT 1999"]
[Source "ChessBase"]
[SourceDate "1998.11.16"]
[SourceVersion "1"]
[SourceVersionDate "1998.11.16"]
[SourceQuality "1"]

1. d4 f5 2. Bg5 d6 3. e4 c6 4. Nd2 Qa5 5. c3 fxe4 6. Nxe4 Nf6 7. Bxf6 exf6 8. Bd3 Na6 9. Qe2 Kf7 10. Nf3 Nc7 11. b4 Qa3 12. 0-0 Bd7 13. Rfe1 Ne6 14. Qd2 d5 15. Nc5 Bxc5 16. bxc5 Qa5 17. g3 g6 18. Re2 Qc7 19. Rae1 Rhe8 20. h4 Nf8 21. Rxe8 Rxe8 22. Rxe8 Kxe8 23. h5 Bg4 24. Nh2 gxh5 25. Kg2 Qd7 26. Qf4 Bh3+ 27. Kg1 Kf7 28. Nf3 Kg7 29. Nh4 Ng6 30. Bxg6 hxg6 31. Kh2 Be6 32. Qb8 Bf7 33. Qxa7 g5 34. Ng2 Qf5 35. Qxb7 Qxf2 36. Qxc6 h4 37. gxh4 gxh4 38. Qc7 Qxa2 39. Qf4 Qc2 40. Qxh4 1-0

[Event "ISL-chT"]
[Site "Reykjavik"]
[Date "1996.??.??"]
[Round "?"]
[White "Ivanov, Mikhail M"]
[Black "Gudmundsson, Elvar"]
[Result "1/2-1/2"]
[WhiteElo "2375"]
[BlackElo "2325"]
[PlyCount "82"]
[EventDate "1996.??.??"]
[EventType "team"]
[EventRounds "9"]
[EventCountry "ISL"]
[SourceTitle "EXT 1998"]
[Source "ChessBase"]
[SourceDate "1997.11.17"]
[SourceVersion "1"]
[SourceVersionDate "1997.11.17"]
[SourceQuality "1"]

1. Nf3 d6 2. d4 Bg4 3. c4 Bxf3 4. exf3 g6 5. h4 h5 6. Qb3 Qc8 7. g3 Nc6 8. Bh3 f5 9. d5 Nd4 10. Qd1 Bg7 11. 0-0 c5 12. dxc6 bxc6 13. Nc3 Qa6 14. b3 e5 15. Re1 Kf7 16. Be3 Nh6 17. Bg2 Rhe8 18. Qd2 Ng8 19. Ne2 Nxe2+ 20. Qxe2 Rad8 21. Bg5 Bf6 22. Qd2 Qb6 23. Rac1 Qc7 24. b4 Qe7 25. b5 Bxg5 26. hxg5 cxb5 27. cxb5 Qe6 28. f4 e4 29. Bf1 Ne7 30. Qd4 Rd7 31. a4 d5 32. a5 Rb8 33. Rc5 h4 34. gxh4 Qd6 35. Rec1 Rbd8 36. Rc6 Qxf4 37. Qf6+ Kg8 38. Qe6+ Kf8 39. Qf6+ Kg8 40. Qe6+ Kf8 41. Qf6+ Kg8 1/2-1/2

[Event "Reykjavik op"]
[Site "Reykjavik"]
[Date "1986.??.??"]
[Round "1"]
[White "Yrjola, Jouni"]
[Black "Gudmundsson, Elvar"]
[Result "1/2-1/2"]
[WhiteElo "2440"]
[BlackElo "2320"]
[PlyCount "38"]
[EventDate "1986.02.??"]
[EventType "swiss"]
[EventRounds "11"]
[EventCountry "ISL"]
[SourceTitle "EXT 2000"]
[Source "ChessBase"]
[SourceDate "1999.11.16"]
[SourceVersion "1"]
[SourceVersionDate "1999.11.16"]
[SourceQuality "1"]

1. d4 Nf6 2. c4 g6 3. Nc3 Bg7 4. e4 d6 5. Be2 0-0 6. Nf3 e5 7. 0-0 Nc6 8. d5 Ne7 9. b4 Nh5 10. c5 f5 11. Ng5 Nf6 12. exf5 gxf5 13. Qb3 h6 14. cxd6 cxd6 15. Ne6 Bxe6 16. dxe6 d5 17. Rd1 d4 18. Ba3 Rc8 19. b5 Re8 1/2-1/2

[Event "Oakham School Inv"]
[Site "Oakham"]
[Date "1984.04.17"]
[Round "9.9"]
[White "Klinger, Josef"]
[Black "Gudmundsson, Elvar"]
[Result "1-0"]
[WhiteElo "2310"]
[BlackElo "2330"]
[PlyCount "57"]
[EventDate "1984.04.08"]
[EventType "swiss"]
[EventRounds "9"]
[EventCountry "ENG"]
[SourceTitle "EXT 2024"]
[Source "ChessBase"]
[SourceDate "2023.10.10"]
[SourceVersion "1"]
[SourceVersionDate "2023.10.10"]
[SourceQuality "1"]

1. e4 c5 2. Nf3 e6 3. d4 cxd4 4. Nxd4 Nc6 5. Nc3 Qc7 6. Be3 a6 7. Bd3 Nf6 8. 0-0 d5 9. exd5 exd5 10. Re1 Be7 11. Bg5 Bg4 12. Nxd5 Qd7 13. Nxc6 bxc6 14. Nb6 Qb7 15. Bxf6 Bxd1 16. Rxe7+ Qxe7 17. Bxe7 Rb8 18. Bc5 Bg4 19. Re1+ Kd8 20. Bxa6 Be6 21. a4 Kc7 22. a5 Rbd8 23. Bd3 Rhe8 24. h3 Bd5 25. Rxe8 Rxe8 26. a6 Re1+ 27. Kh2 Ra1 28. a7 Rxa7 29. Nxd5+ 1-0